Foundations of WPF: An introduction to Windows presentation foundation (Record no. 1544)

MARC details
000 -LEADER
fixed length control field 00407nam a2200145Ia 4500
008 - FIXED-LENGTH DATA ELEMENTS--GENERAL INFORMATION
fixed length control field 130318s9999 xx 000 0 und d
020 ## - INTERNATIONAL STANDARD BOOK NUMBER
International Standard Book Number 9788181286161
082 ## - DEWEY DECIMAL CLASSIFICATION NUMBER
Classification number 005.44622 MOR/F
100 ## - MAIN ENTRY--PERSONAL NAME
Personal name Moroney, Laurence
245 ## - TITLE STATEMENT
Title Foundations of WPF: An introduction to Windows presentation foundation
260 ## - PUBLICATION, DISTRIBUTION, ETC.
Name of publisher, distributor, etc. AI Press
Place of publication, distribution, etc. Berkeley
Date of publication, distribution, etc. 2006
300 ## - PHYSICAL DESCRIPTION
Extent 324
650 ## - SUBJECT ADDED ENTRY--TOPICAL TERM
Topical term or geographic name entry element OPERATING SYSTEM
650 ## - SUBJECT ADDED ENTRY--TOPICAL TERM
Topical term or geographic name entry element WINDOWS
Holdings
Withdrawn status Lost status Damaged status Not for loan Home library Current library Shelving location Date acquired Total Checkouts Full call number Barcode Date last seen Price effective from Koha item type
        Kerala University of Digital Sciences, Innovation and Technology Knowledge Centre Kerala University of Digital Sciences, Innovation and Technology Knowledge Centre Computer Science 18/03/2013   005.44622 MOR/F 1551 18/03/2013 18/03/2013 Books